<?xml version="1.0" encoding="UTF-8"?>
<record
    xmlns:xsi="http://www.w3.org/2001/XMLSchema-instance"
    xsi:schemaLocation="http://www.loc.gov/MARC21/slim http://www.loc.gov/standards/marcxml/schema/MARC21slim.xsd"
    xmlns="http://www.loc.gov/MARC21/slim">

  <leader>01707nam a2200217 a 4500</leader>
  <controlfield tag="008">171227e1975    ag ||||| |||| 00| 0 spa d</controlfield>
  <datafield tag="041" ind1=" " ind2=" ">
    <subfield code="a">spa</subfield>
  </datafield>
  <datafield tag="092" ind1=" " ind2=" ">
    <subfield code="c">335.4</subfield>
    <subfield code="l">79</subfield>
    <subfield code="s">SID</subfield>
  </datafield>
  <datafield tag="100" ind1="1" ind2=" ">
    <subfield code="a">Sidorov, M. M.</subfield>
    <subfield code="9">3490</subfield>
  </datafield>
  <datafield tag="245" ind1=" " ind2=" ">
    <subfield code="a">Qu&#xE9; es el materialismo hist&#xF3;rico /</subfield>
    <subfield code="c">M. M. Sidorov</subfield>
  </datafield>
  <datafield tag="250" ind1=" " ind2=" ">
    <subfield code="a">1a ed.</subfield>
    <subfield code="b">Trad. Augusto Vidal Roget</subfield>
  </datafield>
  <datafield tag="260" ind1=" " ind2=" ">
    <subfield code="a">Buenos Aires:</subfield>
    <subfield code="b">Ediciones Pueblos Unidos;</subfield>
    <subfield code="c">1975.</subfield>
  </datafield>
  <datafield tag="300" ind1=" " ind2=" ">
    <subfield code="a">179 p.</subfield>
  </datafield>
  <datafield tag="500" ind1=" " ind2=" ">
    <subfield code="a">Sidorov, M. M. (1975). Qu&#xE9; es el materialismo hist&#xF3;rico. (1a ed.). Buenos Aires : Ediciones Pueblos Unidos.</subfield>
  </datafield>
  <datafield tag="505" ind1=" " ind2=" ">
    <subfield code="a">El estudio del materialismo hist&#xF3;rico exige al lector determinados esfuerzos, a veces no peque&#xF1;os, orientados hacia la asimilaci&#xF3;n de la teor&#xED;a cient&#xED;fica. Al mismo tiempo es evidente que en un libro de poca extensi&#xF3;n y destinado al conocimiento inicial del objeto, es imposible ofrecer una exposici&#xF3;n sistem&#xE1;tica de todas la cuestiones del materialismo hist&#xF3;rico. Esta es a raz&#xF3;n de que el autor, como es natural, tuviera que renunciar al examen de un amplio grupo de problemas del materialismo hist&#xF3;rico, a la investigaci&#xF3;n detallada del cuestiones singulares y a polemizar en torno a problemas objeto de discusi&#xF3;n, procurando orientar la atenci&#xF3;n del lector &#xFA;nicamente hacia los problemas capitales y elucidar tan s&#xF3;lo el contenido de las nociones del materialismo hist&#xF3;rico necesarias para explicar los principios generales de dicha ciencia, su m&#xE9;todo, su manera de enfocar el an&#xE1;lisis de los fen&#xF3;menos sociales y su papen en la vida ideol&#xF3;gica de la sociedad contempor&#xE1;nea. </subfield>
  </datafield>
  <datafield tag="590" ind1=" " ind2=" ">
    <subfield code="a">Donacion Maria Vitelli dic/2017</subfield>
  </datafield>
  <datafield tag="653" ind1=" " ind2=" ">
    <subfield code="a">Filosofia</subfield>
  </datafield>
  <datafield tag="653" ind1=" " ind2=" ">
    <subfield code="a">Materialismo historico</subfield>
  </datafield>
  <datafield tag="653" ind1=" " ind2=" ">
    <subfield code="a">Sociologia</subfield>
  </datafield>
  <datafield tag="942" ind1=" " ind2=" ">
    <subfield code="2">ddc</subfield>
    <subfield code="c">BK</subfield>
  </datafield>
  <datafield tag="999" ind1=" " ind2=" ">
    <subfield code="c">2623</subfield>
    <subfield code="d">2623</subfield>
  </datafield>
  <datafield tag="952" ind1=" " ind2=" ">
    <subfield code="0">0</subfield>
    <subfield code="1">0</subfield>
    <subfield code="2">ddc</subfield>
    <subfield code="4">0</subfield>
    <subfield code="7">0</subfield>
    <subfield code="a">BFM</subfield>
    <subfield code="b">BFM</subfield>
    <subfield code="c">CR</subfield>
    <subfield code="d">2017-12-27</subfield>
    <subfield code="e">Donacion</subfield>
    <subfield code="l">0</subfield>
    <subfield code="o">335.4;79;SID</subfield>
    <subfield code="p">4152</subfield>
    <subfield code="r">2017-12-27</subfield>
    <subfield code="t">Ej. 1</subfield>
    <subfield code="w">2017-12-27</subfield>
    <subfield code="y">BK</subfield>
    <subfield code="z">Donacion Maria Vitelli dic/2017</subfield>
  </datafield>
</record>
